| 000 | 01351nam2a22002291 4500 | ||
|---|---|---|---|
| 001 | v19\rc\1219681 | ||
| 005 | 20250617222919.0 | ||
| 035 | _a(NLR Aleph) 004382006 | ||
| 090 |
_a3638803 _c3638803 |
||
| 100 | _a20060306d1878 |||y0rusy50 ca | ||
| 101 | 0 | _arus | |
| 102 | _aRU | ||
| 105 | _ay z ||||| | ||
| 200 | 0 | _a... с 1-го января 1877 года по 1-е января 1878 года... | |
| 210 |
_d1878 _aБ. м. |
||
| 215 | _a55 с. | ||
| 461 | 0 |
_1001v19\rc\1219678 _12001#$aГодичный отчет Совета Общества для попечения о детях лиц, сосланных по судебным приговорам в Сибирь...$v... с 1-го января 1877 года по 1-е января 1878 года...$90 _93638767 _aОбщество попечения о детях лиц, ссылаемых по судебным приговорам в Сибири (Москва) _c[Москва] _dценз. 1873 _tГодичный отчет Совета Общества для попечения о детях лиц, сосланных по судебным приговорам в Сибирь... _v... с 1-го января 1877 года по 1-е января 1878 года...$90 |
|
| 801 | 0 |
_aRU _bNLR _gpsbo |
|
| 801 | 1 |
_aRU _bProSoft-M _2rusmarc |
|
| 852 |
_aNLR _j18.123.3.433 |
||
| 942 | _cBOOK | ||
| 980 | _aNB | ||